Boletín de las leyes i decretos del gobierno: 1895
Guardat en:
| Format: | Llibre |
|---|---|
| Idioma: | espanyol |
| Publicat: |
Santiago
Nacional
1895
|
| Matèries: | |
| Etiquetes: |
Afegir etiqueta
Sense etiquetes, Sigues el primer a etiquetar aquest registre!
|
MARC
| LEADER | 00000nam a2200000 a 4500 | ||
|---|---|---|---|
| 001 | UCR1508 | ||
| 003 | CL-VaPUC | ||
| 008 | 971219e18950000CL |||||||||||||||||spa|d | ||
| 082 | 0 | 4 | |a 348.022 |b BOL |2 21 |
| 245 | 1 | 0 | |a Boletín de las leyes i decretos del gobierno: 1895 |
| 300 | |a 2 v | ||
| 942 | |c BK | ||
| 945 | |d 19971219 00:00:00 |a lriquelm | ||
| 260 | |a Santiago |b Nacional |c 1895 | ||
| 500 | |a p.2: Corresponde a sociedades anónimas | ||
| 650 | 7 | |a DERECHO CHILENO SIGLO 19 |2 CL-VaPUC |9 398666 | |
| 650 | 0 | |a Fuentes del derecho |9 255162 | |
| 651 | 7 | |a CHILE |2 CL-VaPUC |9 398667 | |
| 583 | |a last modification |c 20160829 10:25:55 |k Rodrigo Vera | ||
| 999 | |c 264910 |d 264908 | ||
| 952 | |0 0 |1 0 |4 0 |6 348_022000000000000_BOL_1895 |7 0 |8 X |9 295536 |a BIBDER |b BIBDER |d 2019-11-20 |h v.64 p.1 |i 1925768 |o 348.022 BOL 1895 |p 1925768 |r 2023-01-25 |w 2019-11-20 |y BK_X |k DER | ||
| 952 | |0 0 |1 0 |4 0 |6 348_022000000000000_BOL_1895 |7 0 |8 X |9 295537 |a BIBDER |b BIBDER |d 2019-11-20 |h v.64 p.2 |i 1925717 |o 348.022 BOL 1895 |p 1925717 |r 2023-01-25 |w 2019-11-20 |y BK_X |k DER | ||
| 952 | |0 0 |1 0 |4 0 |6 348_022000000000000_BOL_1895 |7 0 |8 DER_HDC |9 295538 |a BIBDER |b BIBDER |d 2019-11-20 |h v.64 p.1 |i 1927434 |o 348.022 BOL 1895 |p 1927434 |r 2023-01-25 |w 2019-11-20 |x Ubicación 4to Piso |y BK_X |z Estos recursos deben solicitarse con anticipación |k DER | ||
| 952 | |0 0 |1 0 |4 0 |6 348_022000000000000_BOL_1895 |7 0 |8 DER_HDC |9 295539 |a BIBDER |b BIBDER |d 2019-11-20 |h v.64 p.2 |i 1927485 |o 348.022 BOL 1895 |p 1927485 |r 2023-01-25 |w 2019-11-20 |x Ubicación 4to Piso |y BK_X |z Estos recursos deben solicitarse con anticipación |k DER | ||
| 952 | |0 0 |1 0 |4 0 |6 348_022000000000000_BOL_1895 |7 0 |8 X |9 295540 |a BIBHIS |b BIBHIS |d 2019-11-20 |h v.64 p.1 |i 2842688 |o 348.022 BOL 1895 |p 2842688 |r 2024-01-30 |w 2019-11-20 |y BK_X |k HIS | ||
| 952 | |0 0 |1 0 |4 0 |6 348_022000000000000_BOL_1895 |7 0 |8 X |9 295541 |a BIBHIS |b BIBHIS |d 2019-11-20 |h v.64 p.2 |i 2842696 |o 348.022 BOL 1895 |p 2842696 |r 2024-01-30 |w 2019-11-20 |y BK_X |k HIS | ||